[Event "Florianopolis zt 2.4"]
[Site "Florianopolis"]
[Date "2017.04.30"]
[Round "8"]
[White "Coelho, Luis Henrique"]
[Black "Born, Carlos Rodrigo"]
[Result "1/2-1/2"]
[WhiteElo "2406"]
[BlackElo "2197"]
[PlyCount "97"]
[EventDate "2017.04.26"]
[EventType "swiss"]
[EventRounds "9"]
[EventCountry "BRA"]
[SourceTitle "CBM 178 Extra"]
[Source "ChessBase"]
[SourceDate "2017.06.22"]
[SourceVersion "1"]
[SourceVersionDate "2017.06.22"]
[SourceQuality "1"]

1. d4 Nf6 2. c4 g6 3. g3 Bg7 4. Bg2 0-0 5. Nc3 d6 6. Nf3 Nbd7 7. 0-0 c6 8. e4 e5 9. h3 exd4 10. Nxd4 Re8 11. Be3 Nc5 12. Qc2 a5 13. Rad1 Qc7 14. Ndb5 cxb5 15. Nxb5 Qe7 16. Nxd6 Na6 17. Nxe8 Nxe8 18. f4 Bd7 19. Rfe1 Bc6 20. e5 Nb4 21. Qf2 Bxg2 22. Kxg2 Bf8 23. b3 Nc6 24. Rd3 a4 25. Red1 axb3 26. axb3 Ng7 27. Qd2 Qa3 28. Bf2 Ne6 29. Rb1 Bb4 30. Qe2 Qa5 31. Rd5 Qc7 32. Rb2 Ra1 33. Ra2 Rxa2 34. Qxa2 Ne7 35. Rb5 Qc6+ 36. Kg1 Bc5 37. Qa8+ Kg7 38. Qxb7 Bxf2+ 39. Kxf2 Qe8 40. Rd5 Nxd5 41. cxd5 Nc5 42. Qc6 Qe7 43. Qb6 Nd7 44. Qb5 Qd8 45. Ke3 Qc7 46. Kd4 Qa7+ 47. Kc4 Nb6+ 48. Kd3 Nd7 49. Kc4 1/2-1/2

[Event "Florianopolis zt 2.4"]
[Site "Florianopolis"]
[Date "2017.04.30"]
[Round "7"]
[White "Vera Siguenas, Deivy Anthoni"]
[Black "Coelho, Luis Henrique"]
[Result "1/2-1/2"]
[WhiteElo "2535"]
[BlackElo "2406"]
[PlyCount "98"]
[EventDate "2017.04.26"]
[EventType "swiss"]
[EventRounds "9"]
[EventCountry "BRA"]
[SourceTitle "CBM 178 Extra"]
[Source "ChessBase"]
[SourceDate "2017.06.22"]
[SourceVersion "1"]
[SourceVersionDate "2017.06.22"]
[SourceQuality "1"]

1. e4 c5 2. Nc3 Nc6 3. Bb5 Nd4 4. Bc4 a6 5. Nf3 Nxf3+ 6. Qxf3 e6 7. a4 Ne7 8. 0-0 Nc6 9. d3 Nd4 10. Qd1 Rb8 11. Ne2 b5 12. Bf4 Nxe2+ 13. Qxe2 d6 14. axb5 axb5 15. Bb3 Be7 16. c3 b4 17. Bc2 bxc3 18. bxc3 0-0 19. d4 cxd4 20. cxd4 Bg5 21. Bg3 Bh4 22. Ra3 Bxg3 23. Rxg3 e5 24. dxe5 dxe5 25. Bb3 Rb6 26. Qh5 Qf6 27. Rf3 Qe7 28. Rc1 g6 29. Qh6 Be6 30. Bxe6 Rxe6 31. Rh3 f6 32. Rhc3 Rd6 33. h4 Rfd8 34. Kh2 Qg7 35. Qe3 h5 36. Rc7 R8d7 37. Qb3+ Kh7 38. Rc8 Rd8 39. R8c7 R8d7 40. R7c5 Rd4 41. R1c4 Rxc4 42. Qxc4 Qf7 43. Qa6 Qe7 44. Rc6 Kg7 45. Re6 Qf7 46. Rb6 f5 47. exf5 Qxf5 48. Rb2 Qf4+ 49. g3 Qd4 1/2-1/2

[Event "Florianopolis zt 2.4"]
[Site "Florianopolis"]
[Date "2017.04.27"]
[Round "2"]
[White "Coelho, Luis Henrique"]
[Black "De Haro, Martim Alfonso"]
[Result "1-0"]
[WhiteElo "2406"]
[BlackElo "1925"]
[PlyCount "39"]
[EventDate "2017.04.26"]
[EventType "swiss"]
[EventRounds "9"]
[EventCountry "BRA"]
[SourceTitle "CBM 178 Extra"]
[Source "ChessBase"]
[SourceDate "2017.06.22"]
[SourceVersion "1"]
[SourceVersionDate "2017.06.22"]
[SourceQuality "1"]

1. d4 d5 2. c4 e6 3. Nf3 c5 4. cxd5 cxd4 5. dxe6 Bxe6 6. Nxd4 Bc5 7. e3 Bxd4 8. exd4 Nc6 9. Be3 Qa5+ 10. Nc3 Rd8 11. Bb5 Nge7 12. 0-0 0-0 13. a3 a6 14. Bd3 Nf5 15. b4 Nxe3 16. fxe3 Qg5 17. Qe2 Rfe8 18. Qf2 Re7 19. Ne4 Qh6 20. Rae1 1-0

[Event "Florianopolis zt 2.4"]
[Site "Florianopolis"]
[Date "2017.04.26"]
[Round "1"]
[White "Nascimento, Pedro Henrique Alve"]
[Black "Coelho, Luis Henrique"]
[Result "1-0"]
[WhiteElo "1967"]
[BlackElo "2406"]
[PlyCount "79"]
[EventDate "2017.04.26"]
[EventType "swiss"]
[EventRounds "9"]
[EventCountry "BRA"]
[SourceTitle "CBM 178 Extra"]
[Source "ChessBase"]
[SourceDate "2017.06.22"]
[SourceVersion "1"]
[SourceVersionDate "2017.06.22"]
[SourceQuality "1"]

1. d4 d5 2. c4 c6 3. cxd5 cxd5 4. Nc3 Nf6 5. Bf4 Nc6 6. e3 a6 7. Bd3 Bg4 8. f3 Bh5 9. Nge2 e6 10. Rc1 Be7 11. 0-0 Rc8 12. Bg3 Bg6 13. Nf4 0-0 14. Nxg6 hxg6 15. Qe2 Nd7 16. Rfd1 Nb6 17. Kh1 Nb4 18. Bb1 Qd7 19. a3 Nc6 20. Bf2 Nc4 21. e4 b5 22. Ba2 Rc7 23. Bg3 Rb7 24. Bxc4 bxc4 25. b4 Na7 26. Rb1 Ra8 27. Ra1 a5 28. bxa5 Nc6 29. a4 Nxa5 30. exd5 exd5 31. f4 Nb3 32. Rab1 Bb4 33. Qf3 Bxc3 34. Qxc3 Rxa4 35. Re1 Qf5 36. Re8+ Kh7 37. Rbe1 Qd3 38. Qb2 Qxd4 39. Qe2 f5 40. Qe6 1-0

[Event "Curitiba Sul Region-ch"]
[Site "Curitiba"]
[Date "2017.04.16"]
[Round "5"]
[White "Coelho, Luis Henrique"]
[Black "Borges, Guilherme Deola"]
[Result "1-0"]
[WhiteElo "2406"]
[BlackElo "2151"]
[PlyCount "107"]
[EventDate "2017.04.14"]
[EventType "swiss"]
[EventRounds "6"]
[EventCountry "BRA"]
[SourceTitle "CBM 178 Extra"]
[Source "ChessBase"]
[SourceDate "2017.06.22"]
[SourceVersion "1"]
[SourceVersionDate "2017.06.22"]
[SourceQuality "1"]

1. d4 Nf6 2. c4 g6 3. g3 Bg7 4. Bg2 0-0 5. Nc3 d6 6. Nf3 Nc6 7. 0-0 a6 8. Bf4 Rb8 9. Rc1 Bf5 10. Qd2 Ne4 11. Nxe4 Bxe4 12. d5 e5 13. Bg5 Ne7 14. Rfd1 f6 15. Bh6 Bxf3 16. Bxg7 Kxg7 17. Bxf3 Qd7 18. c5 b6 19. b4 bxc5 20. bxc5 Qb5 21. Rc3 Qa5 22. Rdc1 Rb7 23. Kg2 Rfb8 24. R1c2 Qb4 25. Qd3 Qb5 26. Rc4 Qa5 27. e4 Rb1 28. Qc3 Qxc3 29. R2xc3 f5 30. cxd6 cxd6 31. Rc7 Kf6 32. Rd7 R8b7 33. Rxd6+ Kf7 34. Rxa6 R1b6 35. Rxb6 Rxb6 36. Rc7 Kf6 37. a4 Ra6 38. Be2 Rxa4 39. d6 Ng8 40. Bb5 Rd4 41. Bc4 Nh6 42. Rxh7 Rxc4 43. d7 Rd4 44. Rxh6 fxe4 45. Rh4 Kf5 46. Rh7 g5 47. h3 Kg6 48. Re7 Kf6 49. Rh7 Kg6 50. Re7 Kf6 51. Re8 Rxd7 52. Rf8+ Kg6 53. g4 Rf7 54. Rxf7 1-0

[Event "Curitiba Sul Region-ch"]
[Site "Curitiba"]
[Date "2017.04.16"]
[Round "6"]
[White "Cruz, William Ferreira Da"]
[Black "Coelho, Luis Henrique"]
[Result "0-1"]
[WhiteElo "2306"]
[BlackElo "2406"]
[PlyCount "104"]
[EventDate "2017.04.14"]
[EventType "swiss"]
[EventRounds "6"]
[EventCountry "BRA"]
[SourceTitle "CBM 178 Extra"]
[Source "ChessBase"]
[SourceDate "2017.06.22"]
[SourceVersion "1"]
[SourceVersionDate "2017.06.22"]
[SourceQuality "1"]

1. d4 d5 2. c4 c6 3. Nc3 dxc4 4. e3 b5 5. a4 b4 6. Ne4 Qd5 7. Ng3 Nf6 8. Be2 Ba6 9. e4 Qa5 10. Nf3 e6 11. Ne5 c3 12. 0-0 h5 13. Bxa6 Qxa6 14. Qf3 h4 15. Ne2 cxb2 16. Bxb2 Nbd7 17. Nxf7 Kxf7 18. e5 Rh5 19. g4 hxg3 20. Nxg3 Rh6 21. exf6 gxf6 22. Rfe1 Qc4 23. Rac1 Qd5 24. Qxd5 cxd5 25. Rc7 Rd8 26. Rxa7 Be7 27. a5 Rhh8 28. a6 Nb6 29. f4 Nc4 30. Rb1 Ra8 31. Rb7 Rxa6 32. f5 e5 33. dxe5 fxe5 34. Bc1 Rb6 35. Rc7 Ke8 36. Rc8+ Bd8 37. Rc5 Rd6 38. Ne4 Bb6 39. Nxd6+ Nxd6 40. Be3 Bxc5 41. Bxc5 Nxf5 42. Rxb4 Kf7 43. Rb6 e4 44. Rb7+ Ke6 45. Rb6+ Ke5 46. Rb5 e3 47. Kg2 Ke4 48. Rb6 Re8 49. Bb4 d4 50. Be1 Rg8+ 51. Kf1 d3 52. Rb3 Nd4 0-1

[Event "Joao Pessoa Fischer Memorial 8th"]
[Site "Joao Pessoa"]
[Date "2017.03.18"]
[Round "3"]
[White "Coelho, Luis Henrique"]
[Black "Rodrigues da Silva, Evandro"]
[Result "1-0"]
[WhiteElo "2390"]
[BlackElo "2155"]
[PlyCount "67"]
[EventDate "2017.03.17"]
[EventType "swiss"]
[EventRounds "6"]
[EventCountry "BRA"]
[SourceTitle "CBM 177 Extra"]
[Source "ChessBase"]
[SourceDate "2017.04.27"]
[SourceVersion "1"]
[SourceVersionDate "2017.04.27"]
[SourceQuality "1"]

1. d4 f5 2. g3 Nf6 3. Bg2 g6 4. Nf3 Bg7 5. 0-0 0-0 6. b3 d6 7. Bb2 c6 8. Nbd2 Na6 9. c4 Nc7 10. Qc2 Bd7 11. e4 fxe4 12. Nxe4 Nxe4 13. Qxe4 Bf5 14. Qe3 Qd7 15. Rfe1 Rae8 16. Nh4 Bh3 17. Rad1 Bf6 18. Nf3 Bg4 19. Rd3 Bf5 20. Rd2 Rf7 21. d5 cxd5 22. Ng5 Bxg5 23. Qxg5 e5 24. cxd5 Ref8 25. Qe3 b6 26. f4 Re8 27. fxe5 dxe5 28. d6 Ne6 29. Qc3 Qd8 30. Rxe5 Rf6 31. d7 Ref8 32. Rxe6 Bxe6 33. Qxf6 Qxf6 34. Bxf6 1-0

[Event "Joao Pessoa Fischer Memorial 8th"]
[Site "Joao Pessoa"]
[Date "2017.03.18"]
[Round "4"]
[White "Zallio, Luciano de Souza"]
[Black "Coelho, Luis Henrique"]
[Result "0-1"]
[WhiteElo "2240"]
[BlackElo "2390"]
[PlyCount "66"]
[EventDate "2017.03.17"]
[EventType "swiss"]
[EventRounds "6"]
[EventCountry "BRA"]
[SourceTitle "CBM 177 Extra"]
[Source "ChessBase"]
[SourceDate "2017.04.27"]
[SourceVersion "1"]
[SourceVersionDate "2017.04.27"]
[SourceQuality "1"]

1. d4 Nf6 2. Nf3 g6 3. b3 Bg7 4. Bb2 0-0 5. Nbd2 d6 6. e3 Nbd7 7. Be2 Re8 8. 0-0 e5 9. c4 e4 10. Nh4 Nf8 11. g3 Bh3 12. Re1 g5 13. Ng2 Qd7 14. Nf1 Ng6 15. Rb1 Bg4 16. f3 exf3 17. Bxf3 Re7 18. Bxg4 Nxg4 19. Qf3 c6 20. Re2 f5 21. Nd2 Rae8 22. h3 Nh6 23. Qh5 f4 24. gxf4 gxf4 25. e4 Nf5 26. exf5 Rxe2 27. Nf3 Nf8 28. Nxf4 R2e4 29. Qg4 h5 30. Qg3 Qxf5 31. d5 R8e7 32. Ne6 R4xe6 33. dxe6 Qxb1+ 0-1

[Event "Joao Pessoa Fischer Memorial 8th"]
[Site "Joao Pessoa"]
[Date "2017.03.17"]
[Round "2"]
[White "Baeta, Marcio Netto"]
[Black "Coelho, Luis Henrique"]
[Result "0-1"]
[WhiteElo "2014"]
[BlackElo "2390"]
[PlyCount "48"]
[EventDate "2017.03.17"]
[EventType "swiss"]
[EventRounds "6"]
[EventCountry "BRA"]
[SourceTitle "CBM 177 Extra"]
[Source "ChessBase"]
[SourceDate "2017.04.27"]
[SourceVersion "1"]
[SourceVersionDate "2017.04.27"]
[SourceQuality "1"]

1. d4 Nf6 2. c4 g6 3. Nc3 Bg7 4. e4 d6 5. Nf3 0-0 6. Be2 Na6 7. 0-0 e5 8. Bg5 h6 9. Bh4 Qe8 10. dxe5 dxe5 11. Nd5 Nxe4 12. Be7 c6 13. Bxf8 Qxf8 14. Ne3 f5 15. Nd2 Ng5 16. a3 e4 17. Rb1 f4 18. Nc2 f3 19. gxf3 Qf4 20. Nxe4 Nxe4 21. fxe4 Be5 22. Qd8+ Kf7 23. Qh4 Qxh4 24. f4 Bxf4 0-1

[Event "Pocos de Caldas op"]
[Site "Pocos de Caldas"]
[Date "2017.03.12"]
[Round "5"]
[White "Coelho, Luis Henrique"]
[Black "Felix Simoes, Rodrigo"]
[Result "1-0"]
[WhiteElo "2390"]
[BlackElo "2043"]
[PlyCount "99"]
[EventDate "2017.03.10"]
[EventType "swiss"]
[EventRounds "6"]
[EventCountry "BRA"]
[SourceTitle "EXT 2018"]
[Source "ChessBase"]
[SourceDate "2017.10.13"]
[SourceVersion "1"]
[SourceVersionDate "2017.10.13"]
[SourceQuality "1"]

1. d4 Nf6 2. c4 g6 3. g3 Bg7 4. Bg2 0-0 5. Nc3 d6 6. Nf3 Nbd7 7. 0-0 e5 8. e4 c6 9. h3 Qb6 10. Re1 Nh5 11. d5 c5 12. a3 Bf6 13. Rb1 Qd8 14. b4 b6 15. Bh6 Ng7 16. Qd2 Be7 17. Rb3 f6 18. Reb1 Ba6 19. Bf1 Qc8 20. Nb5 Rf7 21. h4 Nf8 22. Kh2 Qd7 23. Bh3 Qd8 24. bxc5 bxc5 25. Qe1 f5 26. Ng5 Bxg5 27. Bxg5 Qd7 28. Qa5 Bc8 29. f4 a6 30. fxe5 dxe5 31. Nc3 Qa7 32. Qb6 Nd7 33. Qxa7 Rxa7 34. Be3 Ne8 35. Na4 Rc7 36. exf5 gxf5 37. Bd2 Nd6 38. Ba5 Ra7 39. Nb6 Nxb6 40. Bxb6 Rab7 41. Bxc5 Nxc4 42. Rxb7 Bxb7 43. d6 Kg7 44. Bxf5 Bc6 45. Be6 Nd2 46. Bxf7 Nxb1 47. Be6 e4 48. d7 Bxd7 49. Bxd7 e3 50. Kg2 1-0

[Event "Pocos de Caldas op"]
[Site "Pocos de Caldas"]
[Date "2017.03.11"]
[Round "3"]
[White "Coelho, Luis Henrique"]
[Black "Matsuura, Everaldo"]
[Result "1-0"]
[WhiteElo "2390"]
[BlackElo "2486"]
[PlyCount "115"]
[EventDate "2017.03.10"]
[EventType "swiss"]
[EventRounds "6"]
[EventCountry "BRA"]
[SourceTitle "EXT 2018"]
[Source "ChessBase"]
[SourceDate "2017.10.13"]
[SourceVersion "1"]
[SourceVersionDate "2017.10.13"]
[SourceQuality "1"]

1. d4 d5 2. c4 dxc4 3. e3 Nf6 4. Bxc4 e6 5. Nf3 c5 6. 0-0 a6 7. Bb3 Nc6 8. Nc3 Be7 9. dxc5 Qxd1 10. Rxd1 Bxc5 11. Bd2 Bd7 12. Rac1 Ba7 13. Be1 Ke7 14. Na4 Ne4 15. Nd2 Nxd2 16. Bxd2 Rhd8 17. Nc5 Bxc5 18. Rxc5 Be8 19. Rcc1 Rd6 20. Bc3 Rxd1+ 21. Rxd1 f6 22. f3 Bf7 23. Kf2 Rd8 24. Rxd8 Kxd8 25. e4 Ke7 26. a3 e5 27. Bd1 Bc4 28. Ke3 Kd6 29. h4 a5 30. g3 b5 31. b4 axb4 32. axb4 Ke7 33. f4 Kd6 34. Bg4 Be6 35. Be2 Na7 36. g4 h6 37. g5 hxg5 38. hxg5 Bc4 39. Bh5 Nc6 40. Be8 fxg5 41. fxg5 Nd8 42. Kf3 Ne6 43. Kg4 Nd4 44. Bg6 Be6+ 45. Kh4 Ne2 46. Bd2 Nf4 47. Bh5 Bc4 48. Bf3 Be2 49. Bxe2 Nxe2 50. Kh5 Ng3+ 51. Kg6 Nxe4 52. Be3 Kd5 53. Kxg7 Nxg5 54. Bxg5 Kc4 55. Bd2 e4 56. Kf6 Kd3 57. Be1 Ke2 58. Bh4 1-0

[Event "Pocos de Caldas op"]
[Site "Pocos de Caldas"]
[Date "2017.03.11"]
[Round "4"]
[White "Proudian, Armen"]
[Black "Coelho, Luis Henrique"]
[Result "1-0"]
[WhiteElo "2439"]
[BlackElo "2390"]
[PlyCount "89"]
[EventDate "2017.03.10"]
[EventType "swiss"]
[EventRounds "6"]
[EventCountry "BRA"]
[SourceTitle "EXT 2018"]
[Source "ChessBase"]
[SourceDate "2017.10.13"]
[SourceVersion "1"]
[SourceVersionDate "2017.10.13"]
[SourceQuality "1"]

1. e4 e6 2. d4 d5 3. Nd2 Be7 4. Bd3 c5 5. dxc5 Nf6 6. Qe2 0-0 7. Ngf3 Nfd7 8. c3 Nxc5 9. Bc2 a5 10. 0-0 Nc6 11. Re1 b6 12. exd5 Ba6 13. Qe3 exd5 14. Nd4 Nxd4 15. cxd4 Ne6 16. Nf3 Bf6 17. Ne5 Re8 18. Qh3 g6 19. Nxf7 Nxd4 20. Bg5 Rxe1+ 21. Rxe1 Qc8 22. Nh6+ Kf8 23. Qa3+ Qc5 24. Qxc5+ bxc5 25. Bxf6 Nxc2 26. Re7 Rc8 27. Rxh7 Ke8 28. Ng4 Rc6 29. Rh8+ Kf7 30. Ne5+ Kxf6 31. Nxc6 a4 32. Rd8 Bc4 33. a3 d4 34. f4 Kf5 35. Ne5 Bb3 36. Kf2 Ne3 37. Nd3 c4 38. Nc5 Nd1+ 39. Ke1 Nxb2 40. Rxd4 c3 41. h3 Nc4 42. g4+ Kf6 43. Ne4+ Ke7 44. Nxc3 Nxa3 45. Re4+ 1-0

[Event "Bauru JAI"]
[Site "Bauru"]
[Date "2012.11.??"]
[Round "4"]
[White "Barreto Filho, Carlos Alberto"]
[Black "Coelho, Luis Henrique"]
[Result "1/2-1/2"]
[WhiteElo "2258"]
[BlackElo "2390"]
[PlyCount "42"]
[EventDate "2012.11.17"]
[EventType "team-tourn"]
[EventRounds "5"]
[EventCountry "BRA"]
[SourceTitle "EXT 2022"]
[Source "ChessBase"]
[SourceDate "2021.10.06"]
[SourceVersion "1"]
[SourceVersionDate "2021.10.06"]
[SourceQuality "1"]
[WhiteTeam "Sorocaba"]
[BlackTeam "Santos"]
[WhiteTeamCountry "BRA"]
[BlackTeamCountry "BRA"]

1. d4 d5 2. c4 c6 3. Nf3 Nf6 4. e3 e6 5. Nbd2 Nbd7 6. Bd3 Bd6 7. 0-0 0-0 8. e4 dxe4 9. Nxe4 Nxe4 10. Bxe4 h6 11. Bc2 e5 12. c5 Bc7 13. Qd3 f5 14. Qc4+ Kh8 15. dxe5 Nxe5 16. Nxe5 Bxe5 17. Bf4 Be6 18. Qxe6 Bxf4 19. Bxf5 Rf6 20. Qd7 Qxd7 21. Bxd7 Be5 1/2-1/2

[Event "Bauru JAI"]
[Site "Bauru"]
[Date "2012.11.??"]
[Round "1"]
[White "Coelho, Luis Henrique"]
[Black "Fier, Alexandr"]
[Result "0-1"]
[WhiteElo "2390"]
[BlackElo "2567"]
[PlyCount "104"]
[EventDate "2012.11.17"]
[EventType "team-tourn"]
[EventRounds "5"]
[EventCountry "BRA"]
[SourceTitle "EXT 2022"]
[Source "ChessBase"]
[SourceDate "2021.10.06"]
[SourceVersion "1"]
[SourceVersionDate "2021.10.06"]
[SourceQuality "1"]
[WhiteTeam "Santos"]
[BlackTeam "Americana"]
[WhiteTeamCountry "BRA"]
[BlackTeamCountry "BRA"]

1. e4 c5 2. Nf3 Nc6 3. d4 cxd4 4. Nxd4 e6 5. Nc3 Qc7 6. Be2 a6 7. 0-0 Nf6 8. Kh1 Be7 9. f4 d6 10. a4 0-0 11. Be3 Re8 12. Bf3 Bd7 13. Qe1 Nxd4 14. Bxd4 e5 15. Be3 b5 16. axb5 axb5 17. Rxa8 Rxa8 18. Qe2 b4 19. Nd5 Nxd5 20. exd5 Bf6 21. Be4 exf4 22. Bxf4 Bxb2 23. Qd3 g6 24. Qg3 Qc4 25. Bd3 Qxd5 26. Bxd6 Bc3 27. h3 Bxh3 28. Qxh3 Qxd6 29. Bc4 Ra7 30. Qf3 Qf8 31. g4 Kg7 32. Bb3 Re7 33. Bc4 Qe8 34. Kg2 f6 35. Rf2 Re3 36. Qb7+ Qe7 37. Qxe7+ Rxe7 38. Kf3 Kh6 39. Bd3 Kg5 40. Rg2 Re1 41. Kf2 Rd1 42. Ke3 Re1+ 43. Kf2 Rh1 44. Kf3 Rh3+ 45. Rg3 Rxg3+ 46. Kxg3 h5 47. gxh5 Kxh5 48. Be2+ Kg5 49. Bd3 f5 50. Be2 Kf6 51. Bd3 g5 52. Kg2 g4 0-1

[Event "Paulista-chT Interclubes"]
[Site "Sao Paulo"]
[Date "2012.02.??"]
[Round "5"]
[White "Crosa Coll, Martin"]
[Black "Coelho, Luis Henrique"]
[Result "1-0"]
[WhiteElo "2384"]
[BlackElo "2392"]
[PlyCount "53"]
[EventDate "2012.02.25"]
[EventType "team-tourn"]
[EventRounds "7"]
[EventCountry "BRA"]
[SourceTitle "EXT 2022"]
[Source "ChessBase"]
[SourceDate "2021.10.06"]
[SourceVersion "1"]
[SourceVersionDate "2021.10.06"]
[SourceQuality "1"]
[WhiteTeam "Rio Preto AC"]
[BlackTeam "Santos CX"]
[WhiteTeamCountry "BRA"]
[BlackTeamCountry "BRA"]

1. e4 e6 2. d4 d5 3. e5 c5 4. Nf3 cxd4 5. Bd3 Nc6 6. 0-0 f5 7. Nbd2 Bd7 8. Re1 Nh6 9. Nb3 Qb6 10. Bxh6 gxh6 11. Bxf5 exf5 12. e6 Bc8 13. Nfxd4 Nxd4 14. Nxd4 Bc5 15. Qh5+ Kd8 16. Qf7 Re8 17. Re5 Re7 18. Rxd5+ Kc7 19. Qxf5 Bxe6 20. Rxc5+ Kd7 21. Qh5 Bf7 22. Qh3+ Be6 23. Qc3 Rf8 24. Re1 Qd6 25. Nb5 Qf4 26. Rc7+ Ke8 27. Qc5 1-0

[Event "Mario Covas 10th"]
[Site "Santos"]
[Date "2011.11.26"]
[Round "1"]
[White "Coelho, Luis Henrique"]
[Black "Rodriguez Vila, Andres"]
[Result "0-1"]
[WhiteElo "2392"]
[BlackElo "2481"]
[PlyCount "60"]
[EventDate "2011.11.26"]
[EventType "tourn"]
[EventRounds "9"]
[EventCountry "BRA"]
[EventCategory "9"]
[SourceTitle "CBM 145 Extra"]
[Source "ChessBase"]
[SourceDate "2012.01.03"]
[SourceVersion "1"]
[SourceVersionDate "2012.01.03"]
[SourceQuality "1"]

1. d4 f5 2. g3 Nf6 3. Bg2 g6 4. Nf3 Bg7 5. c4 0-0 6. Nc3 d6 7. 0-0 c6 8. Rb1 a5 9. d5 e5 10. dxe6 Bxe6 11. b3 Na6 12. Be3 Qe7 13. Qd2 Nc5 14. Nd4 Bd7 15. Bh6 Nce4 16. Nxe4 Nxe4 17. Bxe4 fxe4 18. Kg2 Bxh6 19. Qxh6 Qe5 20. Qd2 Rae8 21. Nc2 Qe6 22. h4 Qh3+ 23. Kg1 Rf6 24. Ne3 Re5 25. Qd4 g5 26. hxg5 Rg6 27. f4 c5 28. Qd2 Qxg3+ 29. Ng2 e3 30. Qe1 Rexg5 0-1

[Event "Paulista-chT"]
[Site "Sao Paolo"]
[Date "2011.02.27"]
[Round "4.2"]
[White "Coelho, Luis Henrique"]
[Black "Van Riemsdijk, Dirk Dagobert"]
[Result "1-0"]
[WhiteElo "2392"]
[BlackElo "2132"]
[PlyCount "25"]
[EventDate "2011.02.26"]
[EventType "team-tourn"]
[EventRounds "7"]
[EventCountry "BRA"]
[SourceTitle "CBM 141 Extra"]
[Source "ChessBase"]
[SourceDate "2011.05.03"]
[SourceVersion "1"]
[SourceVersionDate "2011.05.03"]
[SourceQuality "1"]
[WhiteTeam "CXS"]
[BlackTeam "Hebraica"]
[WhiteTeamCountry "BRA"]
[BlackTeamCountry "BRA"]

1. d4 d5 2. c4 dxc4 3. e4 Nc6 4. Nf3 Bg4 5. d5 Ne5 6. Bf4 Bxf3 7. gxf3 Nd3+ 8. Bxd3 cxd3 9. Qxd3 e6 10. Qb5+ Qd7 11. Qxb7 Rc8 12. Nc3 Bc5 13. dxe6 1-0

[Event "Goiania op"]
[Site "Goiania"]
[Date "2010.09.26"]
[Round "5"]
[White "Matsuura, Everaldo"]
[Black "Coelho, Luis Henrique"]
[Result "1-0"]
[WhiteElo "2484"]
[BlackElo "2381"]
[PlyCount "87"]
[EventDate "2010.09.24"]
[EventType "swiss"]
[EventRounds "6"]
[EventCountry "BRA"]
[SourceTitle "EXT 2012"]
[Source "ChessBase"]
[SourceDate "2011.11.24"]
[SourceVersion "1"]
[SourceVersionDate "2011.11.24"]
[SourceQuality "1"]

1. e4 c5 2. Nf3 Nc6 3. d4 cxd4 4. Nxd4 e6 5. Nc3 d6 6. Be3 Nf6 7. f3 Be7 8. Qd2 0-0 9. 0-0-0 d5 10. exd5 Nxd5 11. Nxd5 Qxd5 12. Nxc6 Qxc6 13. Kb1 e5 14. Qd5 Qc7 15. Qc4 Qa5 16. Qb5 Qxb5 17. Bxb5 Bf5 18. Rd5 f6 19. Bd7 Bg6 20. Be6+ Bf7 21. Bxf7+ Kxf7 22. Rhd1 Ke6 23. c4 b6 24. Kc2 Rac8 25. b3 Rfd8 26. Kc3 Rxd5 27. Rxd5 f5 28. a4 Rc6 29. b4 Rd6 30. Rxd6+ Bxd6 31. a5 bxa5 32. b5 Bb8 33. Kb3 Kd6 34. Ka4 Kc7 35. Kxa5 Kb7 36. c5 Bc7+ 37. Kb4 e4 38. fxe4 fxe4 39. h3 a5+ 40. Ka4 Bd8 41. c6+ Kc8 42. b6 h6 43. Kxa5 Bg5 44. Bxg5 1-0

[Event "Mario Covas 9th"]
[Site "Santos"]
[Date "2010.08.19"]
[Round "9"]
[White "Di Berardino, Diego Rafael"]
[Black "Coelho, Luis Henrique"]
[Result "1-0"]
[WhiteElo "2492"]
[BlackElo "2381"]
[PlyCount "63"]
[EventDate "2010.08.13"]
[EventType "tourn"]
[EventRounds "9"]
[EventCountry "BRA"]
[EventCategory "11"]
[SourceTitle "CBM 137 Extra"]
[Source "ChessBase"]
[SourceDate "2010.09.01"]
[SourceVersion "1"]
[SourceVersionDate "2010.09.01"]
[SourceQuality "1"]

1. d4 d5 2. c4 c6 3. Nc3 Nf6 4. e3 e6 5. Nf3 Nbd7 6. Qc2 Bd6 7. b3 0-0 8. Be2 b6 9. 0-0 Bb7 10. Bb2 Re8 11. Rad1 Qe7 12. Rfe1 h6 13. Bf1 Rad8 14. e4 Nxe4 15. Nxe4 dxe4 16. Qxe4 f5 17. Qc2 c5 18. d5 Qf7 19. Nh4 exd5 20. Rxe8+ Qxe8 21. Nxf5 Be5 22. cxd5 Nf6 23. Bb5 Qxb5 24. Bxe5 Ne8 25. Nxh6+ gxh6 26. Qg6+ Kf8 27. Qxh6+ Kf7 28. Qe6+ Kf8 29. Qf5+ Ke7 30. d6+ Nxd6 31. Qf6+ Ke8 32. Qe6+ 1-0

[Event "Mario Covas 9th"]
[Site "Santos"]
[Date "2010.08.17"]
[Round "6"]
[White "Coelho, Luis Henrique"]
[Black "El Debs, Felipe de Cresce"]
[Result "1-0"]
[WhiteElo "2381"]
[BlackElo "2499"]
[PlyCount "79"]
[EventDate "2010.08.13"]
[EventType "tourn"]
[EventRounds "9"]
[EventCountry "BRA"]
[EventCategory "11"]
[SourceTitle "CBM 137 Extra"]
[Source "ChessBase"]
[SourceDate "2010.09.01"]
[SourceVersion "1"]
[SourceVersionDate "2010.09.01"]
[SourceQuality "1"]

1. d4 Nf6 2. c4 g6 3. g3 c6 4. Bg2 d5 5. Nf3 Bg7 6. b3 0-0 7. 0-0 a5 8. Bb2 Bf5 9. Nc3 Ne4 10. e3 Nxc3 11. Bxc3 Be4 12. Qe2 a4 13. Bh3 Qb6 14. Nd2 Bf5 15. Bg2 Rc8 16. g4 Be6 17. Rfb1 axb3 18. Nxb3 dxc4 19. Na5 Qa6 20. Rxb7 Ra7 21. Rb2 Nd7 22. Rab1 Rcc7 23. Qf3 Bd5 24. e4 Be6 25. e5 Bd5 26. Qe3 e6 27. f4 Qc8 28. f5 exf5 29. gxf5 gxf5 30. Qg3 Nf8 31. Kh1 Qe6 32. Rb8 f4 33. Qxf4 Bxg2+ 34. Kxg2 Rxa5 35. Bxa5 Qd5+ 36. Kh3 Qxa5 37. Rxf8+ Kxf8 38. Rb8+ Ke7 39. Qg5+ Ke6 40. Re8+ 1-0

[Event "Mario Covas 9th"]
[Site "Santos"]
[Date "2010.08.14"]
[Round "3"]
[White "Rodriguez Vila, Andres"]
[Black "Coelho, Luis Henrique"]
[Result "1-0"]
[WhiteElo "2508"]
[BlackElo "2381"]
[PlyCount "100"]
[EventDate "2010.08.13"]
[EventType "tourn"]
[EventRounds "9"]
[EventCountry "BRA"]
[EventCategory "11"]
[SourceTitle "CBM 137 Extra"]
[Source "ChessBase"]
[SourceDate "2010.09.01"]
[SourceVersion "1"]
[SourceVersionDate "2010.09.01"]
[SourceQuality "1"]

1. Nf3 c5 2. b3 Nc6 3. Bb2 d6 4. c4 e5 5. Nc3 g6 6. g3 Bg7 7. Bg2 Nge7 8. d3 0-0 9. 0-0 h6 10. e3 Be6 11. Rc1 Qd7 12. Na4 Bg4 13. Qd2 Rad8 14. a3 b6 15. b4 Bh3 16. b5 Na5 17. Qc2 Bxg2 18. Kxg2 f5 19. e4 Rf7 20. Ng1 Rdf8 21. f3 Nb7 22. Nc3 Nd8 23. a4 Ne6 24. Nd5 h5 25. Rce1 g5 26. Kh1 Nxd5 27. exd5 Nd4 28. Bxd4 cxd4 29. Qd2 Bh6 30. a5 Kh7 31. axb6 axb6 32. Qe2 g4 33. Ra1 Be3 34. Ra6 Qd8 35. Qg2 Rg8 36. Ne2 h4 37. fxg4 Rxg4 38. Qh3 Kg6 39. Rf3 Rh7 40. Qg2 hxg3 41. Rxg3 Rhh4 42. Ra7 Bf4 43. Nxf4+ exf4 44. Rxg4+ Rxg4 45. Qe2 Qf6 46. Qe8+ Kh6 47. Rf7 Qe5 48. Qf8+ Rg7 49. Qxg7+ Qxg7 50. Rxg7 Kxg7 1-0